Data analysis and regression : a second course in statistics /

Guardado en:
Autor Principal: Mosteller, Frederick, 1916-2006.
Otros Autores: Tukey, John Wilder, 1915-
Formato: Libro
Idioma:English
Publicado: Reading, Mass. : Addison-Wesley, c1977.
Series:Addison-Wesley series in behavioral science
Etiquetas: Agregar Etiqueta
Sin Etiquetas, Sea el primero en etiquetar este registro!
LEADER 00726nam a2200193 a 4500
001 MAT.inmabb002477
008 771020s1977####maua###f#b####001#0#eng##
005 20130323193652.0
245 1 0 |a Data analysis and regression :  |b a second course in statistics /  |c Frederick Mosteller, John W. Tukey. 
260 |a Reading, Mass. :  |b Addison-Wesley,  |c c1977. 
300 |a xvii, 588 p. :  |b il. ;  |c 25 cm. 
440 0 |a Addison-Wesley series in behavioral science 
504 |a Incluye referencias bibliográficas e índice. 
020 |a 020104854X 
100 1 |a Mosteller, Frederick,  |d 1916-2006. 
700 1 |a Tukey, John Wilder,  |d 1915- 
084 |a 62-01 (62-09 62J05)  |2 msc2000 
010 |a  76015465  
859 |h 62  |i M915d  |p A-8147  |b BIB. MATEMATICA